00654nam a2200217Ia 450000500170000000800410001704000190005804100120007708200190008924500610010826000280016930000130019750400190021065000230022965100260025270000260027885000100030494200070031499900160032195200990033720260525125141.0131103s9999 xx 000 0 und d aLoreto College aEnglish a820.9bLIT-BAU 2aA Literary history of Englandcedited by Albert C. Baugh aLondonbRoutledgec1948 a1672 p.  aIncludes index aEnglish Literature aHistory and Criticism aBaugh, Albert C., ed. aLCLIB cBK c7294d57773 00102ddc4070aMAINbMAINd2013-11-04l0o820.9 LIT-BAUpB7164r2015-01-09w2013-11-04yBKf